000 00501nam a2200193Ia 4500
005 20260429112102.0
008 260429s9999||||xx |||||||||||||| ||und||
020 _a9788126939329
041 _aEnglish
082 _a343.042
_bMIS
100 _aMishra, S. K.
245 0 _aSystematic approach to GST /
_cS. K. Mishra
250 _a2nd ed.
260 _aNew Delhi :
_bAtlantic Publishers and Distributors,
_c2024.
300 _axxv, 332 p.; hb
650 _a Tax
650 _aGST
942 _cTB
999 _c52271
_d52271